Finnish players with most matches in Bundesliga since 2000 - Statistics

General Stats
  • This quiz has been taken 13 times
  • The average score is 3 of 5
Answer Stats
Matches Player % Correct
294 Lukas Hradecky
100%
60 Mikael Forssell
64%
83 Fredrik Jensen
45%
144 Petri Pasanen
27%
125 Niklas Moisander
18%
No matching quizzes found
Score Distribution
Percent of People with Each Score
Percentile by Number Answered
Your Score History
You have not taken this quiz